Exploring the solar system (Record no. 355655)

000 -LEADER
fixed length control field 00491nam a22001577a 4500
008 - FIXED-LENGTH DATA ELEMENTS--GENERAL INFORMATION
fixed length control field 151113b xxu||||| |||| 00| 0 eng d
020 ## - INTERNATIONAL STANDARD BOOK NUMBER
International Standard Book Number 9781405134996
082 ## - DEWEY DECIMAL CLASSIFICATION NUMBER
Edition number 23
Classification number 523.2
Author Mark BON-E 2012
100 ## - MAIN ENTRY--PERSONAL NAME
Personal name Peter Bond
245 ## - TITLE STATEMENT
Title Exploring the solar system
Statement of responsibility, etc. Bond, Peter.
260 ## - PUBLICATION, DISTRIBUTION, ETC.
Place of publication, distribution, etc. Oxford
Name of publisher, distributor, etc. Willey-Blackwell
Date of publication, distribution, etc. 2012
300 ## - PHYSICAL DESCRIPTION
Extent p.462
Other physical details ill.
Dimensions 24 cm
521 ## - TARGET AUDIENCE NOTE
Target audience note Index Included
650 ## - SUBJECT ADDED ENTRY--TOPICAL TERM
Form subdivision SONNENSYSTEM (ASTRONOMIE) SONNENSYSTEM (ASTRONOMISCHER ORT) MOND (ERDMOND)
942 ## - ADDED ENTRY ELEMENTS (KOHA)
Source of classification or shelving scheme
Koha item type Book
Holdings
Withdrawn status Lost status Source of classification or shelving scheme Damaged status Not for loan Collection code Permanent Location Current Location Shelving location Date acquired Source of acquisition Cost, normal purchase price Total Checkouts Full call number Barcode Date last seen Price effective from Koha item type
            US-Pakistan Center for Advanced Studies in Energy (USPCAS-E) US-Pakistan Center for Advanced Studies in Energy (USPCAS-E)   11/13/2015 Multiline Books 9510.00   523.2 BON-E 2012 CAS-E0000576 11/13/2015 11/13/2015 Book
© 2023 Central Library, National University of Sciences and Technology. All Rights Reserved.